Probing the depths of a stars (Record no. 8230)

MARC details
000 -LEADER
fixed length control field 00588nam a2200181Ia 4500
003 - CONTROL NUMBER IDENTIFIER
control field IN-BaIIA
008 - FIXED-LENGTH DATA ELEMENTS--GENERAL INFORMATION
fixed length control field 211028s9999 xx 000 0 eng d
040 ## - CATALOGING SOURCE
Transcribing agency IIA Library
080 ## - UNIVERSAL DECIMAL CLASSIFICATION NUMBER
Universal Decimal Classification number 523.9:520.876
Item number PRO
100 ## - MAIN ENTRY--PERSONAL NAME
Personal name Noyes, R. W.
9 (RLIN) 13689
245 #0 - TITLE STATEMENT
Title Probing the depths of a stars
Statement of responsibility, etc. R. W. Noyes
260 ## - PUBLICATION, DISTRIBUTION, ETC.
Place of publication, distribution, etc. Washington
Name of publisher, distributor, etc. National Aeronautics and Space Administration
Date of publication, distribution, etc. 1984
300 ## - PHYSICAL DESCRIPTION
Extent xv, 76p.
650 ## - SUBJECT ADDED ENTRY--TOPICAL TERM
Topical term or geographic name entry element Astronomy and astrophysics thesaurus
650 ## - SUBJECT ADDED ENTRY--TOPICAL TERM
Topical term or geographic name entry element Solar oscillations
9 (RLIN) 7338
650 ## - SUBJECT ADDED ENTRY--TOPICAL TERM
Topical term or geographic name entry element Space physics
9 (RLIN) 3812
942 ## - ADDED ENTRY ELEMENTS (KOHA)
Koha item type Books
Holdings
Withdrawn status Lost status Damaged status Not for loan Home library Current library Shelving location Date acquired Total Checkouts Full call number Barcode Date last seen Price effective from Koha item type
        IIA Library-Bangalore IIA Library-Bangalore General Stacks 22/04/1985   523.9:520.876/ PRO 9070 05/11/2021 22/04/1985 Books

Powered by Koha